| 000 | 01351nam0a2200349 4500 | ||
|---|---|---|---|
| 001 | RU\NLR\BIBL_A\022367557 | ||
| 005 | 20250627121739.0 | ||
| 010 |
_a978-5-04-196394-1 _93000 |
||
| 035 | _a(NLR Aleph) 022367557 | ||
| 090 |
_a13327948 _c13327948 |
||
| 100 | _a20241030d2024 |||y0rusy50 ca | ||
| 101 | 1 |
_arus _cfre |
|
| 102 | _aRU | ||
| 105 | _aa z 000ay | ||
| 181 | 0 |
_ai _bxxxe |
|
| 182 | 0 | _an | |
| 200 | 1 |
_aМатеринский инстинкт _e[роман] _fБарбара Абель _g[перевод с французского О. И, Егоровой] |
|
| 203 |
_aТекст _bвизуальный _cнепосредственный |
||
| 210 |
_aМосква _cЭксмо _d2024 |
||
| 215 |
_a284, [1] с. _cил. _d21 |
||
| 225 | 1 | _aКинопремьера мирового масштаба | |
| 300 | _aРанее роман изд. под назв. "Инстинкт матери" | ||
| 320 | _aДругая кн. авт. на форзаце | ||
| 333 | _a16+ | ||
| 451 | 0 |
_12001#$aИнстинкт матери _tИнстинкт матери |
|
| 686 | 1 | _aШ6(4Б)267-440.4{Лх1548-50} | |
| 700 | 1 |
_7ca _8rus _aАбель _bБ. _f1969 - _gБарбара _9143866 _3RU\NLR\AUTH\770143902 |
|
| 942 | _cBOOK | ||
| 980 | _aNB | ||